[Event "Kemerovo1"]
[Site "Kemerovo"]
[Date "1995.??.??"]
[Round "4"]
[White "Dolmatov, Sergey"]
[Black "Filippov, Valerij"]
[Result "1/2-1/2"]
[WhiteElo "2615"]
[BlackElo "2510"]
[Annotator "Horvath,Ta"]
[PlyCount "62"]
[EventDate "1995.08.??"]
[EventType "tourn"]
[EventRounds "11"]
[EventCountry "RUS"]
[EventCategory "12"]
[SourceTitle "CBM 050"]
[Source "ChessBase"]
[SourceDate "1996.02.01"]
[SourceVersion "1"]
[SourceVersionDate "1996.02.01"]
[SourceQuality "1"]

1. e4 c5 2. Nf3 e6 3. d4 cxd4 4. Nxd4 Nf6 5. Nc3 Nc6 6. Ndb5 d6 7. Bf4 e5 8.
Bg5 a6 9. Na3 b5 10. Bxf6 gxf6 11. Nd5 f5 12. c3 Bg7 13. exf5 Bxf5 14. Nc2 Ne7
15. Bd3 Nxd5 (15... Be6 $5 16. Be4 Bxd5 17. Bxd5 Rc8 18. O-O O-O 19. Ne3 (19.
a4 $5) 19... Kh8 20. a4 f5 21. axb5 f4 22. bxa6 $1 (22. Nc2 $2 Nxd5 23. Qxd5
Rc5 24. Qd3 axb5 $15) 22... fxe3 23. fxe3 Qb6 24. Rxf8+ Rxf8 $13 {
Dvojris-Nijboer/Leeuwarden/1994}) 16. Bxf5 Ne7 17. Qg4 O-O (17... Kf8 $5 {
/\h5;Rh6}) 18. Rd1 d5 19. O-O {Kramniks Vorschlag} (19. Ne3 {Ivanchuk-Kramnik/
Novgorod/1994/1-0/ ;CBM 43}) 19... Qd6 20. Ne3 Rad8 21. Bc2 (21. Be4 Qe6 (21...
Qc5 22. Bxd5 Rxd5 23. Rxd5 Nxd5 24. Nf5 $18) (21... Qc6 22. Nxd5 Rxd5 23. Rxd5
Nxd5 24. Qf3 Rd8 25. Rd1 $18) 22. Nf5 Ng6 $2 (22... Nxf5 23. Bxf5 Qf6 $13 {/\e4
}) 23. Bxd5 $1 Rxd5 24. Rxd5 Qxd5 25. Qxg6 $1 fxg6 26. Ne7+ Kf7 27. Nxd5 Rd8
28. Rd1 $16) 21... Qe6 22. Nf5 Nxf5 23. Bxf5 Qf6 24. Bc2 e4 (24... Qe6 $10) 25.
Bb3 Qe5 26. f4 Qe7 27. f5 Kh8 28. Kh1 d4 29. cxd4 Rxd4 30. Rxd4 Bxd4 31. Bd5
Qf6 1/2-1/2

[Event "Buenos Aires Najdorf"]
[Site "Buenos Aires"]
[Date "1995.??.??"]
[Round "9"]
[White "De Firmian, Nick E"]
[Black "San Segundo Carrillo, Pablo"]
[Result "1/2-1/2"]
[WhiteElo "2605"]
[BlackElo "2520"]
[Annotator "Horvath,Ta"]
[PlyCount "46"]
[EventDate "1995.07.??"]
[EventType "tourn"]
[EventRounds "11"]
[EventCountry "ARG"]
[EventCategory "11"]
[SourceTitle "CBM 049"]
[Source "ChessBase"]
[SourceDate "1995.12.01"]
[SourceVersion "1"]
[SourceVersionDate "1995.12.01"]
[SourceQuality "1"]

1. e4 c5 2. Nf3 Nc6 3. d4 cxd4 4. Nxd4 Nf6 5. Nc3 e5 6. Ndb5 d6 7. Bg5 a6 8.
Na3 b5 9. Nd5 Qa5+ 10. Bd2 Qd8 11. Nxf6+ Qxf6 12. Bd3 Be7 (12... d5 $5 13. exd5
Bxa3 (13... Nb4 14. Be4 Qh4 15. Qe2 f5 16. d6 $1 $14 {Zude-Bewersdorf/Hessen/
1990}) 14. bxa3 Ne7 15. O-O O-O 16. Re1 Nxd5 17. Qh5 g6 18. Qxe5 $14 {Sokolov,
A-Kjeldsen/Cannes/1995}) (12... Qg6 13. O-O Nd4 $2 14. f4 $1 Bg4 15. Qe1 exf4
16. Rxf4 Ne6 {Petrushin-Maksgutov/Orel/1992} 17. e5 Qh5 18. Qe4 $18) 13. O-O
Qg6 14. c3 O-O 15. Nc2 d5 16. Qe2 Bg4 17. f3 dxe4 18. Bxe4 Bf5 19. a4 Bxe4 20.
fxe4 b4 $1 21. Kh1 (21. Nxb4 Nxb4 22. cxb4 Bxb4 23. Bxb4 Qb6+ $10) 21... b3 22.
Ne1 Qe6 23. Nf3 Na5 1/2-1/2

[Event "Sigeman & Co 03rd"]
[Site "Malmo"]
[Date "1995.??.??"]
[Round "1"]
[White "Hjartarson, Johann"]
[Black "Krasenkow, Michal"]
[Result "1/2-1/2"]
[WhiteElo "2590"]
[BlackElo "2575"]
[Annotator "Horvath,Ta"]
[PlyCount "87"]
[EventDate "1995.05.??"]
[EventType "tourn"]
[EventRounds "9"]
[EventCountry "SWE"]
[EventCategory "12"]
[SourceTitle "CBM 048"]
[Source "ChessBase"]
[SourceDate "1995.10.01"]
[SourceVersion "1"]
[SourceVersionDate "1995.10.01"]
[SourceQuality "1"]

1. e4 c5 2. Nf3 Nc6 3. d4 cxd4 4. Nxd4 Nf6 5. Nc3 e5 6. Ndb5 d6 7. Bg5 a6 8.
Na3 b5 9. Bxf6 gxf6 10. Nd5 f5 11. exf5 Bxf5 12. c3 Bg7 13. Nc2 Be6 14. Nce3
Ne7 (14... O-O 15. Bd3 f5 16. Bc2 b4 (16... Bh6 17. O-O Ra7 18. f4 $1 Qh4 19.
g3 Rg7 20. Nc7 $1 $18 {Topalov-Ilescas/Linares/1995}) 17. O-O bxc3 18. bxc3 {
Topalov-Ilescas CBM45/4 Mein Vorschlag 18...Qa5 ist leider nicht gut wegen} Qa5
19. Ne7+ $1 Nxe7 20. Qxd6 Rf6 21. Qxe7 Qxc3 (21... f4 22. Bb3 $1 fxe3 23. Bxe6+
Kh8 24. fxe3 Qxc3 25. Rxf6 Qxa1+ 26. Rf1 Qc3 27. Qg5 $16) 22. Rac1 Qa5 23. Nxf5
Bxf5 24. Bxf5 Rxf5 25. Rc7 $18) 15. g3 Nxd5 16. Nxd5 O-O 17. Bg2 a5 18. O-O f5
(18... Rb8 19. Qh5 Qd7 20. Qh4 Bxd5 21. Bxd5 Kh8 $10 {Short-Lautier/Linares/
1995}) 19. Qh5 b4 $5 (19... Ra7 20. Rad1 Kh8 21. Rd2 $14 {Hellers-Krasenkov/
Malmo/1994}) 20. Rad1 bxc3 21. Nxc3 (21. bxc3 Rc8 {/\Rc5}) 21... Rb8 22. b3 (
22. Rd2 e4 23. Rfd1 Be5 $13) 22... e4 23. Nd5 Rb5 24. Nf4 Bf7 25. Qe2 Rc5 26.
f3 d5 27. fxe4 fxe4 28. Kh1 (28. Bxe4 $2 Qb6 $19) 28... Re8 29. Nh5 Bxh5 (29...
Qg5 $5 30. Nxg7 Qxg7 31. Qe3 Rc2 $15) 30. Qxh5 Re5 31. Qf7+ Kh8 32. Rf5 $1 d4
$2 (32... Rc7 $1 33. Rxd5 $2 (33. Qh5 Rce7 $17) 33... Qxd5 34. Qxd5 Rxd5 35.
Rxd5 Rc1+ $19) 33. Bxe4 Rc7 34. Qxg7+ Kxg7 35. Rxe5 Rd7 36. Bd3 Rf7 37. Kg2 Qf6
38. Re2 $10 Qf3+ 39. Kg1 h5 40. Bc4 Rf6 41. Re7+ Kf8 42. Rde1 Qf2+ 43. Kh1 Qf3+
44. Kg1 1/2-1/2

[Event "Chalkidiki"]
[Site "Chalkidiki"]
[Date "1992.??.??"]
[Round "2"]
[White "Kotronias, Vasilios"]
[Black "Illescas Cordoba, Miguel"]
[Result "0-1"]
[WhiteElo "2550"]
[BlackElo "2600"]
[Annotator "Horvath,Ta"]
[PlyCount "110"]
[EventDate "1992.09.??"]
[EventType "tourn"]
[EventRounds "11"]
[EventCountry "GRE"]
[EventCategory "14"]
[SourceTitle "CBM 032"]
[Source "ChessBase"]
[SourceDate "1993.02.01"]
[SourceVersion "1"]
[SourceVersionDate "1993.02.01"]
[SourceQuality "1"]

1. e4 c5 2. Nf3 Nc6 3. d4 cxd4 4. Nxd4 Nf6 5. Nc3 e5 6. Ndb5 d6 7. Bg5 a6 8.
Na3 b5 9. Bxf6 gxf6 10. Nd5 Bg7 11. c3 f5 12. exf5 Bxf5 13. Nc2 Ne7 (13... O-O
14. Nce3 Be6 15. Bd3 f5 16. Qh5 e4 17. Bc2 Ne7 18. Bb3 (18. Rd1 $5 Ng6 19. f4
exf3 20. gxf3 Nh4 21. Bb3 Bf7 22. Nf4 Bxb3 23. axb3 Qe8 24. Kf2 $14 {
Kudrin-Kinderman Beer-Sheva 1984}) 18... Nxd5 19. Nxd5 a5 20. Nf4 Bxb3 21. axb3
Qe7 22. O-O b4 $13 {Adams-Beljavski E.Mannschaftmeisterschaft Debrecen 1992})
14. Nce3 Be6 15. g3 (15. Nxe7 Qxe7 16. Qf3 e4 $1 17. Qxe4 d5 18. Qf3 Rd8 19.
Bd3 d4 20. cxd4 Qb4+ 21. Ke2 Qxb2+ 22. Nc2 Bc4 23. Rhc1 O-O $15 {
Berebora-Vanzak Ungarn 1989 18. ... Rc8!? /\Rxc3}) 15... Nxd5 (15... O-O 16.
Bg2 Rc8 17. O-O f5 18. Nxe7+ Qxe7 19. Bd5 Kh8 20. Bxe6 Qxe6 21. Qd5 Qd7 22.
Rad1 $16 {Kuporosow,V-Holmsten,A Helsinki op. (06) 1:0 in 39. Züge}) 16. Nxd5
O-O 17. Bg2 Rb8 18. O-O a5 19. Qh5 (19. Qd2 Qd7 20. Rad1 Kh8 21. Rfe1 f5 22.
Qg5 $14 {Beshukov,S-Manninem Helsinki op. (08) 1:0 in 79. Züge  19. ... Kh8!?
20. Rad1 f5 21. Rfe1 Bf7 /\Bh5 ; f4}) 19... f5 20. Rad1 Kh8 21. Rd2 Bf7 22. Qd1
{[#]} (22. Qh3 $5 Qd7 23. Rfd1 Rbd8 24. Qh4 Qe6 25. Nc7 (25. Ne3 Qg6 26. Bh3 f4
27. Bf5 Qh6 28. Qxh6 Bxh6 29. Ng4 Bg5 30. Rxd6 Rxd6 31. Rxd6 fxg3 32. hxg3 Bxa2
33. Bd3 Bc1 $10) 25... Qxa2 26. Nxb5 d5 27. Qe7 Bh5 $13 {Dotschev-Rogozenko
Plovdiv 1992 Inf. 55}) 22... Qe8 23. a3 $6 (23. f4 $142 Qd7 24. Kh1 Rbd8 $13)
23... e4 $1 24. Nf4 $2 Be5 25. Rxd6 Bc4 $1 26. Re1 Bxd6 27. Qxd6 Qd8 28. Qe5+
Qf6 29. Qc7 Qb6 30. Qe5+ Qf6 31. Qc7 Rfc8 $1 32. Qa7 (32. Qxa5 $2 Ra8 33. Qb4
Ra4 $19) 32... Ra8 33. Qe3 Qd6 $17 34. f3 exf3 35. Bxf3 Re8 36. Qxe8+ Rxe8 37.
Rxe8+ Kg7 38. Be2 Bf7 39. Rc8 a4 40. Kf2 Qd2 41. Rc7 Kf6 42. Rc6+ Ke7 43. Rc7+
Ke8 44. Rxf7 Kxf7 45. Nd3 Kf6 46. h4 Kg7 47. Kf3 Kg6 48. Kf2 Kh6 49. Kf3 f4 50.
gxf4 Kh5 51. Bf1 Kxh4 52. Be2 Kh5 53. Bf1 Kh6 54. Be2 Kg7 55. f5 Kf6 0-1

[Event "Las Palmas"]
[Site "Las Palmas"]
[Date "1994.??.??"]
[Round "4"]
[White "Shirov, Alexei"]
[Black "Illescas Cordoba, Miguel"]
[Result "1/2-1/2"]
[WhiteElo "2705"]
[BlackElo "2590"]
[Annotator "Horvath,Ta"]
[PlyCount "50"]
[EventDate "1994.05.??"]
[EventType "tourn"]
[EventRounds "9"]
[EventCountry "ESP"]
[EventCategory "17"]
[SourceTitle "CBM 042"]
[Source "ChessBase"]
[SourceDate "1994.10.01"]
[SourceVersion "1"]
[SourceVersionDate "1994.10.01"]
[SourceQuality "1"]

1. e4 c5 2. Nf3 Nc6 3. d4 cxd4 4. Nxd4 Nf6 5. Nc3 e6 6. Ndb5 d6 7. Bf4 e5 8.
Bg5 a6 9. Na3 b5 10. Nd5 Be7 11. Bxf6 Bxf6 12. c3 Ne7 $5 (12... Bb7 13. Bd3 Nb8
$1 14. Nc2 Nd7 15. a4 bxa4 16. Rxa4 Bg5 $1 17. O-O O-O 18. Ra2 {
Beljavskij-Shirov/Linares/1994} Nb6 $10) 13. Nxf6+ (13. Nc2 Nxd5 14. Qxd5 Be6
15. Qc6+ Ke7 16. Nb4 Qd7 17. a4 Qxc6 18. Nxc6+ Kd7 19. Nb4 Kc7 $10 {Polgar,
J-Lautier/Las Palmas/1994}) 13... gxf6 14. Nc2 Bb7 15. Bd3 d5 16. Qe2 (16. exd5
Qxd5 17. Ne3 Qe6 18. Qh5 O-O-O 19. Bc2 Kb8 $13 {Zontag-Manik/Hlohovec/1994})
16... dxe4 17. Bxe4 Bxe4 18. Qxe4 Qd5 19. Qxd5 Nxd5 20. a4 Ke7 21. axb5 axb5
22. Kd2 Rhd8 23. Rxa8 Rxa8 24. Ra1 Rxa1 25. Nxa1 f5 1/2-1/2

[Event "Benasque"]
[Site "Benasque"]
[Date "1995.??.??"]
[Round "8"]
[White "Martin Gonzalez, Angel"]
[Black "Komarov, Dimitri"]
[Result "0-1"]
[WhiteElo "2420"]
[BlackElo "2575"]
[Annotator "Horvath,Ta"]
[PlyCount "78"]
[EventDate "1995.07.??"]
[EventType "tourn"]
[EventRounds "9"]
[EventCountry "ESP"]
[EventCategory "13"]
[SourceTitle "CBM 050"]
[Source "ChessBase"]
[SourceDate "1996.02.01"]
[SourceVersion "1"]
[SourceVersionDate "1996.02.01"]
[SourceQuality "1"]

1. e4 c5 2. Nf3 Nc6 3. d4 cxd4 4. Nxd4 Nf6 5. Nc3 e5 6. Ndb5 d6 7. Bg5 a6 8.
Na3 b5 9. Bxf6 gxf6 10. Nd5 Bg7 11. c3 f5 12. exf5 Bxf5 13. Nc2 Be6 14. Nce3
O-O 15. Bd3 f5 16. Bc2 Kh8 17. Qh5 e4 18. Rd1 (18. Nf4 Qf6 (18... Bf7 19. Qxf5
Bg8 20. Qxe4 d5 $1 21. Qf3 Qd6 22. g3 d4 $44 {Belfiore-Escobar/corr.1984}) 19.
Bb3 Bd7 20. Ned5 Qh6 $13 {Filipenko-Uyz/Moscow/1986}) 18... Ne5 19. O-O Bf7 20.
Qh3 Qg5 21. Qg3 $2 (21. f4 $6 exf3 22. Bxf5 Bg8 23. Rxf3 Nxf3+ 24. Qxf3 Rae8
25. Qh3 Bh6 $19) (21. Kh1 $5 {/\f4}) 21... Bh6 22. Nb6 $2 (22. Qxg5 Bxg5 23.
Nxf5 Bxd5 24. Rxd5 Rxf5 25. Bxe4 Rff8 26. Rxd6 $13) 22... Qh5 $1 23. Qh3 (23.
Nxa8 f4 24. Qh3 Qxh3 25. gxh3 fxe3 26. fxe3 Bxe3+ 27. Kh1 Rxa8 28. Bxe4 Rd8 $19
) 23... Qxh3 24. gxh3 Bh5 $17 25. f4 Bxd1 26. Bxd1 Ra7 27. Nbd5 Nd3 $19 28. Bb3
Rg7+ 29. Kh1 a5 30. Nd1 a4 31. Bc2 Nxf4 32. Nxf4 Bxf4 33. Rxf4 Rfg8 34. Rf1 Rg2
35. Ne3 Re2 36. Nxf5 Rxc2 37. Nh6 Rg6 38. Nf5 Rf6 39. Kg1 Rxb2 0-1

[Event "Bundesliga 9596"]
[Site "Germany"]
[Date "1996.??.??"]
[Round "?.1"]
[White "Almasi, Zoltan"]
[Black "Horvath, Tamas"]
[Result "1-0"]
[WhiteElo "2630"]
[BlackElo "2425"]
[Annotator "Horvath,Ta"]
[PlyCount "81"]
[EventDate "1995.10.14"]
[EventType "team-tourn"]
[EventRounds "15"]
[EventCountry "GER"]
[SourceTitle "GER-chT"]
[Source "ChessBase"]
[SourceDate "1999.07.01"]
[SourceVersion "1"]
[SourceVersionDate "1999.07.01"]
[SourceQuality "1"]
[WhiteTeam "Dresden"]
[BlackTeam "Tuebingen"]
[WhiteTeamCountry "GER"]
[BlackTeamCountry "GER"]

1. e4 c5 2. Nf3 e6 3. d4 cxd4 4. Nxd4 Nf6 5. Nc3 Nc6 6. Ndb5 d6 7. Bf4 e5 8.
Bg5 a6 9. Na3 b5 10. Bxf6 gxf6 11. Nd5 f5 12. Bd3 Be6 13. O-O Bg7 14. Qh5 f4
15. c4 bxc4 16. Bxc4 Nd4 $5 17. Rad1 $5 (17. Rac1 Rc8 {=>Gurevich,V-Chekhov/
CBM/48/100}) (17. Rfd1 O-O 18. Rac1 f5 $1 19. Nc7 (19. Rxd4 $5 exd4 20. exf5
Bf7 $13 (20... Rxf5 21. Ne7+ Qxe7 22. Qxf5 Bxc4 23. Nxc4 Re8 24. h3 $16)) 19...
Bxc4 20. Rxc4 fxe4 21. Nxa8 Qxa8 $15 {Leko-Siegmund/Nettetal/1991}) 17... O-O
18. Rd2 Kh8 (18... f5 $5) 19. Nc2 Rc8 (19... f5 $5 20. Nxd4 exd4 21. Nxf4 $2 (
21. Bd3 Be5 $13) 21... Bxc4 22. Ng6+ Kg8 23. Nxf8 Qxf8 24. exf5 Bxa2 $17) 20.
Nxd4 Rxc4 21. Nf5 Rxe4 22. Nde7 $2 (22. f3 $1 Bxf5 23. Qxf5 (23. fxe4 Bxe4 $15)
23... Rc4 24. Rfd1 Qh4 $13) (22. Nxd6 $2 Rd4 $1 $19 (22... Qxd6 $4 23. Nf6 $18)
) 22... d5 23. f3 (23. Rxd5 $2 Bxd5 24. Qg5 Rg8 25. Nxg7 Qf8 $1 (25... Rxg7 $4
26. Ng6+ $18) 26. Nef5 f6 $19) 23... Re3 $1 24. Rc1 $6 (24. h4 $142) 24... Qb6
25. Kh1 Bxf5 26. Nxf5 d4 27. h3 Qg6 28. Qg4 h5 29. Qxg6 fxg6 $17 30. Nd6 Bf6
31. Kg1 Be7 32. Nc4 Rc8 33. Rdd1 (33. b3 Bb4 $19) 33... Rd8 $6 (33... Re2 $1
34. Kf1 d3 35. Rxd3 Rxb2 $17) 34. Kf1 e4 $2 (34... d3 35. Rc3 e4 36. Ne5 Kg7
37. Rc7 Kf6 38. fxe4 (38. Nxg6 $2 Kxg6 39. Rxe7 exf3 $19 40. Rxe3) 38... Kxe5
39. Rxe7+ Kd4 $17) 35. Nxe3 fxe3 36. Ke2 $18 exf3+ 37. gxf3 Bb4 38. Rd3 Bd2 39.
Rc4 Rd5 40. Rdxd4 Rg5 41. Rd7 1-0

[Event "RUS-ch m3-4"]
[Site "Elista"]
[Date "1997.05.26"]
[Round "3.3"]
[White "Tiviakov, Sergei"]
[Black "Yakovich, Yuri"]
[Result "1/2-1/2"]
[WhiteElo "2600"]
[BlackElo "2575"]
[Annotator "Horvath,Ta"]
[PlyCount "99"]
[EventDate "1997.04.19"]
[EventType "k.o."]
[EventRounds "6"]
[EventCountry "RUS"]
[SourceTitle "CBM 059"]
[Source "ChessBase"]
[SourceDate "1997.08.01"]
[SourceVersion "1"]
[SourceVersionDate "1997.08.01"]
[SourceQuality "1"]

1. e4 c5 2. Nf3 Nc6 3. d4 cxd4 4. Nxd4 Nf6 5. Nc3 e5 6. Ndb5 d6 7. Bg5 a6 8.
Na3 b5 9. Nd5 Be7 10. Bxf6 Bxf6 11. c3 Bb7 12. Nc2 Nb8 13. Nce3 (13. a4 {
Kasparov-Shirov/CBM/43}) 13... Nd7 14. Qf3 (14. g3 O-O 15. h4 g6 16. Qg4 Bg7
17. h5 Nf6 $10 {Stripunsky-Krasenkov/Pardubice/1993}) 14... O-O (14... g6 15.
Rd1 Bg5 $6 (15... Bg7 $142) 16. g3 O-O 17. Bg2 Nb6 18. Nxb6 Qxb6 19. Nd5 $14 {
Almasi,Z-Kuijf/CBM/44}) 15. h4 Be7 16. Bd3 Nf6 17. Nxf6+ Bxf6 18. Rd1 Qb6 19.
Bc2 Rad8 20. Bb3 b4 21. Nf5 d5 22. exd5 e4 23. Qg3 bxc3 24. bxc3 Qa5 25. O-O
Bxd5 $2 (25... Qxc3 26. Qxc3 Bxc3 $13 27. d6 Bb4) 26. Bxd5 Rxd5 27. Rxd5 Qxd5
28. Qxg7+ Bxg7 29. Ne7+ Kh8 30. Nxd5 Rb8 31. g4 $6 (31. Re1 $1 f5 32. g4 fxg4
33. Rxe4 $16) 31... Rb2 32. Re1 Rxa2 33. Rxe4 h6 34. Rf4 Kg8 35. Ne7+ Kf8 36.
Nf5 Rc2 37. Ra4 h5 38. Rxa6 Kg8 39. g5 (39. Ra8+ Kh7 40. gxh5 Rxc3 (40... Bxc3
$2 41. Rf8 $16) 41. Ra7 Kg8 42. h6 Be5 43. h7+ Kxh7 44. Rxf7+ Kg6 45. Rf8 Bf6
$10) 39... Rxc3 40. Nh6+ Bxh6 41. Rxh6 Kg7 42. Rxh5 (42. Kg2 Rc4 43. Rxh5 f6
44. Kg3 fxg5 45. hxg5 (45. Rxg5+ $14) 45... Kg6 $10) 42... f6 43. Kg2 fxg5 44.
hxg5 Kg6 45. Rh3 Rc4 46. Rg3 Ra4 47. f3 Rf4 48. Kh3 Rf5 49. Kh4 Rf4+ 50. Kh3
1/2-1/2

[Event "Bundesliga 9596"]
[Site "Germany"]
[Date "1995.??.??"]
[Round "?.1"]
[White "Lutz, Christopher"]
[Black "Horvath, Tamas"]
[Result "1/2-1/2"]
[WhiteElo "2575"]
[BlackElo "2425"]
[Annotator "Horvath,Ta"]
[PlyCount "60"]
[EventDate "1995.10.14"]
[EventType "team-tourn"]
[EventRounds "15"]
[EventCountry "GER"]
[SourceTitle "CBM 050"]
[Source "ChessBase"]
[SourceDate "1996.02.01"]
[SourceVersion "1"]
[SourceVersionDate "1996.02.01"]
[SourceQuality "1"]
[WhiteTeam "Porz"]
[BlackTeam "Tuebingen"]
[WhiteTeamCountry "GER"]
[BlackTeamCountry "GER"]

1. e4 c5 2. Nf3 e6 3. d4 cxd4 4. Nxd4 Nf6 5. Nc3 Nc6 6. Ndb5 d6 7. Bf4 e5 8.
Bg5 a6 9. Na3 b5 10. Bxf6 gxf6 11. Nd5 f5 12. exf5 Bxf5 13. c3 Bg7 14. Nc2 Be6
15. g3 O-O 16. Bg2 a5 17. O-O f5 18. Nf4 (18. Qh5 {Topalov-Krasenkov/CBM/49/878
}) 18... exf4 19. Bxc6 fxg3 20. hxg3 f4 21. Bd5 (21. Bxa8 Qxa8 22. Qxd6 Bh3 23.
f3 Rf6 $1 24. Qd2 Bxf1 25. Rxf1 fxg3 26. Qd3 $13 (26. Kg2 Rh6 27. Kxg3 Be5+ 28.
f4 Rg6+ 29. Kh2 (29. Kh4 $2 Bf6+ 30. Kh5 Qe8 $19) 29... Rh6+ $10)) 21... Bxd5 (
21... Qf6 $6 22. Re1 Rae8 $2 (22... Bxd5 23. Qxd5+ Kh8 24. Re6 Qf7 25. Rxd6
Qxd5 26. Rxd5 fxg3 27. fxg3 Rf3 $13) 23. Rxe6 $1 Rxe6 24. Qg4 Rfe8 25. Re1 $18)
22. Qxd5+ Kh8 23. Nd4 fxg3 24. fxg3 Be5 25. Rxf8+ (25. Ne6 $2 Rxf1+ 26. Rxf1
Qg8) 25... Qxf8 26. Kg2 Qg8 27. Qxg8+ Rxg8 28. Nf5 b4 29. Rd1 bxc3 30. bxc3 Rb8
1/2-1/2

[Event "Groningen"]
[Site "Groningen"]
[Date "1995.??.??"]
[Round "8"]
[White "Leko, Peter"]
[Black "Lautier, Joel"]
[Result "1/2-1/2"]
[WhiteElo "2605"]
[BlackElo "2645"]
[Annotator "Horvath,Ta"]
[PlyCount "54"]
[EventDate "1995.12.??"]
[EventType "tourn"]
[EventRounds "11"]
[EventCountry "NED"]
[EventCategory "17"]
[SourceTitle "CBM 051"]
[Source "ChessBase"]
[SourceDate "1996.04.01"]
[SourceVersion "1"]
[SourceVersionDate "1996.04.01"]
[SourceQuality "1"]

1. e4 c5 2. Nf3 e6 3. d4 cxd4 4. Nxd4 Nf6 5. Nc3 Nc6 6. Ndb5 d6 7. Bf4 e5 8.
Bg5 a6 9. Na3 b5 10. Bxf6 gxf6 11. Nd5 Bg7 12. c3 f5 13. exf5 Bxf5 14. Nc2 Be6
15. Nce3 Ne7 16. g3 Nxd5 17. Nxd5 O-O 18. Bg2 a5 19. O-O f5 20. Qd2 (20. Qh5 $6
b4 $1 {Hjartarson-Krasenkov/CBM/48/98}) 20... Rb8 21. Rad1 (21. a4 Kh8 22. b4
bxa4 23. Rxa4 axb4 24. cxb4 Qd7 $13) 21... Kh8 22. a3 Qd7 23. Rfe1 (23. b4 $2
a4 {Rfc8;e4 -/+}) 23... Qa7 24. Qe2 Qf7 25. Kh1 e4 26. Qd2 Be5 27. f3 Bxd5
1/2-1/2

[Event "Pamplona 9596 6th"]
[Site "Pamplona"]
[Date "1996.??.??"]
[Round "?"]
[White "Ljubojevic, Ljubomir"]
[Black "Illescas Cordoba, Miguel"]
[Result "1/2-1/2"]
[WhiteElo "2600"]
[BlackElo "2620"]
[Annotator "Horvath,Ta"]
[PlyCount "108"]
[EventDate "1995.12.??"]
[EventType "tourn"]
[EventRounds "9"]
[EventCountry "ESP"]
[EventCategory "13"]
[SourceTitle "CBM 052"]
[Source "ChessBase"]
[SourceDate "1996.06.01"]
[SourceVersion "1"]
[SourceVersionDate "1996.06.01"]
[SourceQuality "1"]

1. e4 c5 2. Nf3 e6 3. d4 cxd4 4. Nxd4 Nf6 5. Nc3 Nc6 6. Ndb5 d6 7. Bf4 e5 8.
Bg5 a6 9. Na3 b5 10. Bxf6 gxf6 11. Nd5 Bg7 12. c3 f5 13. exf5 Bxf5 14. Nc2 O-O
15. a4 Be6 (15... bxa4 16. Rxa4 a5 17. Nce3 Be6 18. Bd3 f5 $13 {Mehr über die
Variante CBM/50/230;396;450;801;1018}) 16. axb5 axb5 17. Rxa8 Qxa8 18. Nc7 Qa2
19. Bxb5 (19. Nxe6 $2 fxe6 20. Qxd6 Rd8 21. Qxc6 Qb1+ $19) 19... Qxb2 20. O-O
Bb3 (20... Rc8 21. Qxd6 $2 (21. Nxe6 $1 fxe6 22. Qg4) 21... Rxc7 22. Bxc6 Rxc6
$17) 21. Qxd6 Qxc3 22. Nd5 Bxd5 (22... Qxc2 23. Bxc6 Kh8 $10) 23. Qxd5 Qxc2 24.
Bxc6 Kh8 $10 25. g3 f5 26. Bd7 Qb2 27. Rd1 Qb6 28. Ra1 Qf6 29. Ra8 Rxa8 30.
Qxa8+ Bf8 31. Qc8 f4 32. Bc6 fxg3 33. hxg3 Qe7 34. Bd5 Qg7 35. Qe6 Bc5 36. Kg2
Be7 37. Kf1 Bf8 38. Kg2 Be7 39. Kf1 Bf8 40. Kg2 Be7 41. Kg1 Bf8 42. Kf1 Be7 43.
Kg2 Bf8 44. Kf3 Bc5 45. Ke2 Be7 46. g4 Bf8 47. Qc8 h6 48. Qe6 Qg5 49. f3 Qg7
50. Qf5 Be7 51. Be4 Kg8 52. Qc8+ Bf8 53. Qe6+ Kh8 54. Qf5 Be7 1/2-1/2

[Event "Gleisdorf op"]
[Site "Gleisdorf"]
[Date "1997.??.??"]
[Round "?"]
[White "Horvath, Tamas"]
[Black "Podlesnik, Bogdan"]
[Result "1-0"]
[WhiteElo "2395"]
[BlackElo "2410"]
[Annotator "Horvath,Ta"]
[PlyCount "75"]
[EventDate "1997.??.??"]
[EventType "swiss"]
[EventRounds "7"]
[EventCountry "AUT"]
[SourceTitle "CBM 061"]
[Source "ChessBase"]
[SourceDate "1997.11.23"]
[SourceVersion "1"]
[SourceVersionDate "1997.11.23"]
[SourceQuality "1"]

1. e4 c5 2. Nf3 Nc6 3. d4 cxd4 4. Nxd4 Nf6 5. Nc3 e5 6. Ndb5 d6 7. Bg5 a6 8.
Na3 b5 9. Bxf6 gxf6 10. Nd5 f5 11. Bd3 Be6 12. O-O Bg7 13. Qh5 f4 14. c4 bxc4
15. Nxc4 $5 {Die Hauptvariante ist :} (15. Bxc4) 15... O-O 16. Rad1 Nd4 17. Bb1
h6 (17... f5 $2 18. Rxd4 $1 exd4 19. exf5 $16) 18. b3 Rc8 19. g3 Bxd5 20. exd5
f5 $2 {Noch immer zu früh! Besser ist:} (20... Rc5) 21. Rxd4 $1 exd4 22. Bxf5
$16 Rc7 (22... Qe8 23. Be6+ Kh7 24. Qxe8 Rcxe8 25. Nxd6 $16) 23. Qg6 Qf6 24.
Qh7+ Kf7 25. Re1 Rh8 26. Be6+ Ke7 27. Qd3 (27. Qe4 fxg3 $2 (27... Rd8 28. Bg4+
Kf8 29. Qh7 fxg3 30. hxg3 Rf7 31. f4 $16 d3) 28. Bg8+ $1 $18) 27... fxg3 28.
hxg3 Rd8 29. f4 h5 30. Bf5+ $1 $18 Kf8 31. Re6 Qf7 32. Bg6 Qd7 33. Qf5+ Kg8 34.
Bh7+ Kh8 35. Qxh5 Bf8 36. Bf5+ Kg8 37. Rg6+ Qg7 38. Be6+ 1-0